Reverse micellar partitioning of Bovine Serum Albumin with novel system; Resource-Efficient Technologies; Vol. 3, iss. 4

Λεπτομέρειες βιβλιογραφικής εγγραφής
Parent link:Resource-Efficient Technologies: electronic scientific journal/ National Research Tomsk Polytechnic University (TPU).— , 2015-.— 2405-6537
Vol. 3, iss. 4.— 2017.— [P. 491-494]
Κύριος συγγραφέας: Swapnali S. Pawar
Άλλοι συγγραφείς: Regupathi I., Prasanna B. D.
Περίληψη:Title screen
To overcome the difficulties associated with the conventional extraction process like poor selective extraction of biomolecule and scale up of the process, the reverse micellar system consist of AOT/n-heptanol was considered to extract Bovine Serum Albumin (BSA) as a model biomolecule. The maximum forward extraction of BSA from aqueous phase to micelle phase was observed at AOT concentration 160 mM, aqueous phase pH value of 4, NaCl concentration 0.8 M and 95% back extraction of BSA from micelle phase to stripping phase was obtained at 1 M NaCl concentration with the pH of 7.5. HPLC analysis confirmed the stability of BSA during extraction. The size and water content of the reverse micelle was also reported. The obtained results emphasize the application of the AOT/n-heptanol reverse micellar system for the extraction of BSA and may be utilized for the selective extraction of similar hydrophilic proteins from the complex sources.
Γλώσσα:Αγγλικά
Έκδοση: 2017
Θέματα:
Διαθέσιμο Online:http://earchive.tpu.ru/handle/11683/50333
Μορφή: MixedMaterials Ηλεκτρονική πηγή Κεφάλαιο βιβλίου
KOHA link:https://koha.lib.tpu.ru/cgi-bin/koha/opac-detail.pl?biblionumber=575716

MARC

LEADER 00000naa2a2200000 4500
001 575716
005 20231101130139.0
035 |a (RuTPU)RU\TPU\prd\274707 
035 |a RU\TPU\prd\274706 
090 |a 575716 
100 |a 20171219a2017 k y0rusy50 ba 
101 0 |a eng 
102 |a RU 
135 |a drcn ---uucaa 
200 1 |a Reverse micellar partitioning of Bovine Serum Albumin with novel system  |b Electronic resource  |f Swapnali S. Pawar, I. Regupathi, B. D. Prasanna 
203 |a Text  |c electronic 
300 |a Title screen 
320 |a [References: p. 494 (20 tit.)] 
330 |a To overcome the difficulties associated with the conventional extraction process like poor selective extraction of biomolecule and scale up of the process, the reverse micellar system consist of AOT/n-heptanol was considered to extract Bovine Serum Albumin (BSA) as a model biomolecule. The maximum forward extraction of BSA from aqueous phase to micelle phase was observed at AOT concentration 160 mM, aqueous phase pH value of 4, NaCl concentration 0.8 M and 95% back extraction of BSA from micelle phase to stripping phase was obtained at 1 M NaCl concentration with the pH of 7.5. HPLC analysis confirmed the stability of BSA during extraction. The size and water content of the reverse micelle was also reported. The obtained results emphasize the application of the AOT/n-heptanol reverse micellar system for the extraction of BSA and may be utilized for the selective extraction of similar hydrophilic proteins from the complex sources. 
461 1 |0 (RuTPU)RU\TPU\prd\247369  |x 2405-6537  |t Resource-Efficient Technologies  |o electronic scientific journal  |f National Research Tomsk Polytechnic University (TPU)  |d 2015- 
463 1 |0 (RuTPU)RU\TPU\prd\274690  |t Vol. 3, iss. 4  |v [P. 491-494]  |d 2017 
610 1 |a труды учёных ТПУ 
610 1 |a электронный ресурс 
610 1 |a альбумин 
610 1 |a экстрация 
610 1 |a биомолекулы 
610 1 |a концентрация 
610 1 |a селективное извлечение 
700 0 |a Swapnali S. Pawar 
701 1 |a Regupathi  |b I. 
701 1 |a Prasanna  |b B. D. 
801 1 |a RU  |b 63413507  |c 20090623  |g PSBO 
801 2 |a RU  |b 63413507  |c 20180831  |g PSBO 
856 4 |u http://earchive.tpu.ru/handle/11683/50333 
942 |c BK